00239nam a22000977a 4500082001000000100002200010245005800032260002000090526001900110650001200129 aP-184 aS. Shariq Bukhari aExtension and rehablitation of Sherpao bridge Lahore. aMCEc17.03.2001 a0b0c0dP_184 aProject